00498nam a2200121 a 450000100100000000500170001000800410002704000250006811000630009324501150015626000680027130000370033900002911220200930055335.0110413s1986 dr ad 000 0 spa d aDO-SdBNPbspacBNPHU1 aRepública DominicanabSecretaría de Estado de Finanzas10aDeuda pública de la República: Dominicana. :bdeuda pública interna y externa al 31 de diciembre , 1985. aSanto Domingo :bInstituto de Capacitación Triburaria,c1986. a213 P. :bil., gráf. ;c28 cm.